| 000 | 00866nam a22002177a 4500 | ||
|---|---|---|---|
| 001 | BD-DhSAU 3844 | ||
| 003 | BD-DhSAU | ||
| 005 | 20150210130853.0 | ||
| 008 | 150210s1989 bg a||||r|||| 001 0 b d | ||
| 040 | _aBD-DhSAU | ||
| 082 |
_222 _a৩০১ _bখানস |
||
| 100 | _aগফুর, এম এ | ||
| 245 |
_aসমাজ কল্যাণ পরিক্রমা / _cএম এ গফুর এবং এ কে এম আবদুল মান্নান |
||
| 250 | _aদ্বাদশ সংস্করণ. | ||
| 260 |
_aঢাকা : _bপূবালী প্রকাশনী , _c১৯৮৯। |
||
| 300 |
_a৭০৮পৃ. : _bচিত্র. ; _c২০ সে মি। |
||
| 590 | _aerfat | ||
| 650 | _aSociology. | ||
| 650 | _aসমাজবিজ্ঞান. | ||
| 700 | _aমান্নান, এ কে এম আবদুল | ||
| 942 |
_2ddc _cBOOK |
||
| 999 |
_c3844 _d3844 |
||